<A> Critical note on bankruptcy prediction models usefulness

Finančná kríza podnietila diskusiu okolo užitočnosti predpovedných modelov bankrotov. Finančné koeficienty a externé faktory, ktoré ovplyvňujú predikčné modely bankrotov. Kritika predikčných modelov.

Gespeichert in:
Bibliographische Detailangaben
1. Verfasser: Mihalovič, Matúš
Format: Buchkapitel
Sprache:Englisch
Schlagworte:
Tags: Tag hinzufügen
Keine Tags, Fügen Sie das erste Tag hinzu!

MARC

LEADER 00000nla$a2200000$$$4500
001 0226559
005 20240502073729.1
041 0 |a eng 
044 |a SK 
245 1 0 |a <A> Critical note on bankruptcy prediction models usefulness  |c Matúš Mihalovič 
520 |a Finančná kríza podnietila diskusiu okolo užitočnosti predpovedných modelov bankrotov. Finančné koeficienty a externé faktory, ktoré ovplyvňujú predikčné modely bankrotov. Kritika predikčných modelov. 
610 2 0 |a podnik 
610 2 0 |a bankrot 
610 2 0 |a modely prognostické 
610 2 0 |a modelovanie pravdepodobnostné 
610 2 0 |a kritika 
610 2 0 |a kríza finančná 
610 2 0 |a recesia 
100 1 |a Mihalovič, Matúš